00203nam a2200073Ia 4500008004100000100002000041245004400061260002400105170817s9999 xx 000 0 und d aSoni. Ram Gopal 0aUdyonumukh Bhartiya Samaj Mein Shikshak bH. P. BHARGAVA AGRA